00422cam a2200157ua 450000100060000000800390000602000180004504000090006308200180007210000290009024500450011925000120016426000490017630000100022565300290023511959191206n ii |||gr||||Z||||||eng a9780198077459 cMAIN a301.352095487 a M.N. Srinivas,eAuthor. aThe remembered villagecBy M.N. Srinivas a2nd ed. aNew Delhi:bOxford University Press ,c2015. a392p. aSociology & anthropology